00374 2200145 4500001002100000005001500021035002000036245007100056100001500127300001200142260004000154082000800194084001400202990001200216INLIS00000000000190720250520094128 a0010-05250001991 aRevolusi Belajar :bKumpulan Rumus XII IPA /cDr.Ir.Bob Foster,M.M0 aBob Foster a400 hlm aBandung :bGanesha Operation,c2016 a500 a500 BOB r a0754781